000 00637nam a22002057a 4500
003 OSt
005 20160503085731.0
008 160430b xxu||||| |||| 00| 0 eng d
020 _a971-8581-86-3
040 _cLIC
082 _22005
_aDFil 170
_bAr7m
100 _96975
_aArticulo, Archimedes C.
245 _aMoral philosophy :
_ban introduction/
_cArchimedes C. Articulo; edited by Ernie T. Bhagwani.
260 _aQuezon City :
_bGreat Books Pub.,
_cc2005.
300 _axvii, 304 pages ;
_c22cm.
500 _aIncludes bibliography.
650 0 _96976
_aEthics
700 _96977
_aBhagwani, Ernie T.
_eeditor.
942 _2ddc
_cDFIL
999 _c2146
_d2146